Music Quiz

Random Music or Bands Quiz

Are They Really Brothers? Quiz Stats

 Plays Quiz Updated Apr 7, 2015

Score 0/20 Timer 04:00
1 Play Today
% Correct
Correct! Jonas Brothers included brothers Kevin, Joe & Nick.
93.6%
The Chemical Brothers are not brothers.
91.6%
Blues Brothers are not brothers.
91.2%
Correct! The Everly Brothers included brothers Don and Phil Everly.
90.5%
Correct! The Avett Brothers include Scott & Seth Avett.
87.4%
Dust Brothers are not brothers.
84.9%
Punch Brothers does not include any real brothers.
83.8%
Correct! The Mills Brothers was originally composed of four brothers.
83.4%
Correct! The Isley Brothers originally consisted of three Isley brothers.
79.9%
Correct! Allman Brothers Band includes brothers Duane and Gregg Allman.
79.5%
% Correct
Correct! The Smothers Brothers includes Tom and Dick Smothers.
78.9%
Correct! The Bacon Brothers include Michael & Kevin Bacon.
76.8%
Correct! The Neville Brothers are brothers.
75.4%
Correct! The Righteous Brothers are not brothers.
75.3%
The Doobie Brothers are not brothers.
74.9%
The Funk Brothers are not brothers.
66.3%
Correct! The Brothers Johnson is made up of brothers George & Louis Johnson.
60%
Correct! The Bellamy Brothers include David and Howard Bellamy.
59.5%
Correct! The Louvin Brothers were brothers.
53.9%
The Brothers Four are not brothers.
35%

You're not logged in!

Compare scores with friends on all Sporcle quizzes.
OR
Log In

Sporcle TV

Today on Sporcle TV


Watch our educational content, quiz creation guides, and fun videos on Sporcle TV.

Show Comments

Extras

Top Quizzes Today


Score Distribution

Your Account Isn't Verified!

In order to create a playlist on Sporcle, you need to verify the email address you used during registration. Go to your Sporcle Settings to finish the process.

Report this User

Report this user for behavior that violates our Community Guidelines.

Details: